Ballon d‘Or 2024 Ranking - Statistiken

Allgemein
  • Dieses Quiz wurde 549 mal gespielt
  • Das Durchschnittsergebnis liegt bei 17 aus 30
Antwortstatistiken
# Verein Spieler % Korrekt
1 Manchester City Rodri
99%
2 Real Madrid Vinicius
98%
6 Paris Saint-Germain / Real Madrid Kylian Mbappe
86%
9 Real Madrid (Karriereende) Toni Kroos
86%
5 Manchester City Erling Haaland
84%
3 Real Madrid Jude Bellingham
84%
10 FC Bayern München Harry Kane
81%
12 Bayer 04 Leverkusen Florian Wirtz
80%
7 Inter Mailand Lautaro Martinez
79%
13 RB Leipzig / FC Barcelona Dani Olmo
77%
8 FC Barcelona Lamine Yamal
74%
4 Real Madrid Dani Carvajal
64%
15 Athletic Club Bilbao Nico Williams
63%
14 Atalanta Bergamo Ademola Lookman
62%
16 Bayer 04 Leverkusen Granit Xhaka
62%
11 Manchester City Phil Foden
61%
29= Borussia Dortmund / AS Roma Mats Hummels
53%
21 FC Arsenal Bukayo Saka
43%
19 FC Arsenal Martin Ödegaard
42%
18 Aston Villa Emiliano Martinez
39%
25 FC Chelsea Cole Palmer
37%
28 Bayer 04 Lverkusen Alejandro Grimaldo
35%
17 Real Madrid Fede Valverde
31%
22 Real Madrid Antonio Rüdiger
25%
29= FC Girona / AS Roma Artem Dovbyk
24%
24 FC Arsenal William Saliba
24%
26 FC Arsenal Declan Rice
21%
23 Manchester City Ruben Dias
19%
20 Inter Mailand Hakan Calhanoglu
18%
27 Paris Saint-Germain Vitinha
17%
Keine übereinstimmenden Quizze gefunden
Verteilung der Resultate
Anzahl Personen mit jedem Resultat
Perzentil nach korrekt beantworteten Fragen
Ihre Resultats-Entwicklung
Sie haben dieses Quiz noch nicht gespielt